000 00522nam a2200181Ia 4500
005 20250326124623.0
008 250326s9999 xx 000 0 und d
037 _aTextbook
040 _aFMSL
_beng
_cFMSL
041 _aeng
_2eng
084 _aX:8oaSNI L2
_qFMSL
100 _aRichards M D
_9737497
245 0 _aManagement: decisions and behavior
_cRichards M D; Greenlaw P S
260 _aUSA
_bUSA, Richard D Irwin
_c1972
300 _a657p
942 _cTB
_hX:8oaSNI L2
999 _c1274426
_d1274426